| 000 | 00658nam a22001817a 4500 | ||
|---|---|---|---|
| 003 | CEME | ||
| 005 | 20210628204036.0 | ||
| 008 | 210107b xxu||||| |||| 00| 0 eng d | ||
| 020 | _a9781466508248 | ||
| 040 | _cceme | ||
| 082 | _a621.314 TRA | ||
| 100 |
_aLopez-Fernandez, Xose M, Ertan, H. Bulent, Turowski, Janusz Ashby, Michael F, Ferreira, Paulo J, Schodek, Daniel L _968394 |
||
| 245 | _aTransformers analysis, design, and measurement | ||
| 260 |
_aLONDON _bCRC PRESS _c2013 |
||
| 300 | _aXIV, 609P | ||
| 650 |
_aELECTRIC TRANSFORMERS DESIGN. POWER TRANSFROMERS.TRANSFORMERS DESIGN. TRANSFORMERS ANALYSIS AND MEASUREMENT. _968395 |
||
| 942 |
_cBK _2ddc |
||
| 999 |
_c575986 _d575986 |
||